| 000 | 00749nam a22002177a 4500 | ||
|---|---|---|---|
| 005 | 20100724110633.0 | ||
| 010 | _aENG-96449 | ||
| 020 |
_a9788120339019 _c595.00 |
||
| 035 | _aEN-79982 | ||
| 037 | _bDBAD/PUB | ||
| 082 | _a620.112 | ||
| 100 |
_aMott , Robert L _91164 |
||
| 245 |
_aApplied strength of materials / _cby Robert L. Mott |
||
| 250 | _a5th ed | ||
| 260 |
_aNew Delhi _bPHI Learning _c2009 |
||
| 270 |
_aM-97, Connaught Circus _bNew Delhi _e110001 |
||
| 300 |
_axv, 776p.: _bill. _c24cm (pbk) |
||
| 500 | _aincludes index | ||
| 942 |
_2ddc _cEN _h620.112 _mMOT |
||
| 999 |
_c37492 _d37492 |
||